00634nam a22002057a 450000500170000001000130001702000230003003500130005303700160006604000120008208200180009410000190011224500850013126000440021627000470026030000330030750000190034065000390035965000300039820170124110147.0 aA-751461 c175.00a812030943X aA-751461 bCen Lib/Ret aDPLbEN a620.0042bDEB aDeb, Kalyanmoy aOptimization for engineering design :cby Kalyanmoy Debbalgorithms and examples aNew DelhibPrentice Hall of Indiac1995 aM-97, Connaught Circus bNew Delhie110001 axiv, 381p. :c21cm(Hb)bill. aIncludes index aEngineering -- Mathematical models aMathematical optimization